| 000 | 00771nam a22002657a 4500 | ||
|---|---|---|---|
| 003 | BUBTL | ||
| 008 | 130722b xxu||||| |||| 00| 0 eng d | ||
| 020 | _a9789332570405 | ||
| 024 | _cAvailable | ||
| 037 | _cAvailable | ||
| 082 |
_222 _a004.22 / St18c |
||
| 100 |
_aStallings,William _9578 |
||
| 245 |
_aComputer Organization And Architecture : Designing For Performance / _cWilliam Stallings |
||
| 250 | _a10th ed. | ||
| 260 |
_aNew Delhi : _bPearson _cc1996. |
||
| 300 |
_a857 p. : _c24 cm. |
||
| 500 | _aIncludes Index | ||
| 600 | _2Computer science. | ||
| 650 | _2Computer science. | ||
| 856 |
_k0 _l0 _yDownload |
||
| 270 |
_aNew Delhi _bNew Delhi _dIndia |
||
| 365 |
_b275.00 _d275.00 |
||
| 942 |
_2ddc _cBK |
||
| 999 |
_c593 _d593 |
||